| 000 | 00746nam a22002177a 4500 | ||
|---|---|---|---|
| 999 |
_c18010 _d18010 |
||
| 003 | OSt | ||
| 005 | 20250205062520.0 | ||
| 008 | 230324b ||||| |||| 00| 0 eng d | ||
| 040 | _c0 | ||
| 082 | _aDPer 570 J826 2021 v55 no. 1-5 | ||
| 100 |
_aBrady, Shannon C. _eauthor. _948160 |
||
| 245 |
_aAn escape-room inspired game for genetics review / _cShannon C. Brady, and Erik C. Andersen |
||
| 260 |
_aUnited Kingdom, _bTaylor & Francis Group, _cSeptember 2021. |
||
| 300 | _avolume 55, pages 406-417, illustration. | ||
| 650 |
_aEducation. _948161 |
||
| 650 |
_aEducational games. _948162 |
||
| 650 | 0 |
_aStudents. _919468 |
|
| 700 |
_aBrady, Shannon C. _eauthor. _948160 |
||
| 700 |
_aAndersen, Erik C. _eauthor. _948163 |
||
| 942 |
_2ddc _cPER |
||